Movies Quiz

Random Movies or Oscar Quiz

Best Picture Oscar Winners Since 1970 Quiz Stats

 Plays Quiz Updated Feb 25, 2021

Support Sporcle.
Go Orange.
Score 0/51 Timer 07:00
3 Plays Today
Year Movie % Correct
2016Moonlight
89.2%
1972The Godfather
83.9%
201312 Years a Slave
77.7%
2019Parasite
77.6%
1974The Godfather Part II
77.4%
2014Birdman or (The Unexpected Virtue of Ignorance)
74.8%
2015Spotlight
71.8%
2018Green Book
70.6%
2008Slumdog Millionaire
70.1%
2017The Shape of Water
69.4%
2011The Artist
68.7%
2012Argo
66.1%
2000Gladiator
65.8%
2020Nomadland
64.8%
1998Shakespeare in Love
63.5%
1997Titanic
62.5%
2010The King's Speech
61.3%
1994Forrest Gump
60%
1996The English Patient
59.4%
1982Gandhi
56.5%
2003The Lord of the Rings: The Return of the King
56.4%
1993Schindler's List
54.5%
1978The Deer Hunter
54.5%
2007No Country For Old Men
54.1%
2005Crash
54%
1981Chariots of Fire
54%
Year Movie % Correct
2006The Departed
53.9%
1991The Silence of the Lambs
53.7%
1976Rocky
52.3%
2001A Beautiful Mind
51.7%
1999American Beauty
51.7%
2002Chicago
51.6%
1990Dances with Wolves
51.4%
1971The French Connection
51.1%
1989Driving Miss Daisy
51%
1973The Sting
50.7%
1986Platoon
50.7%
1975One Flew Over the Cuckoo's Nest
50.7%
1988Rain Man
50.7%
1984Amadeus
50.7%
1970Patton
50.6%
1977Annie Hall
50.4%
1992Unforgiven
50.1%
2004Million Dollar Baby
49.7%
1987The Last Emperor
47.9%
2009The Hurt Locker
45.9%
1979Kramer vs. Kramer
45.3%
1995Braveheart
41.5%
1985Out of Africa
39.6%
1980Ordinary People
38.3%
1983Terms of Endearment
33.5%

From the Vault

Science Fiction Swearing

by Chapel

We'd shout 'earmuffs', but some characters might not have ears to put them on.
Remove Ads.
Support Sporcle.
Get the best of Sporcle when you Go Orange. This ad-free experience offers more features, more stats, and more fun while also helping to support Sporcle. Thank you for becoming a member.

Show Comments

Extras

Top Quizzes Today


Score Distribution

Your Account Isn't Verified!

In order to create a playlist on Sporcle, you need to verify the email address you used during registration. Go to your Sporcle Settings to finish the process.

Report this User

Report this user for behavior that violates our Community Guidelines.

Details: